|
|
|
|
| LEADER |
00000nab a2200000ua 4500 |
| 001 |
vtls010804057 |
| 003 |
SK-MaSNL |
| 005 |
20260304010537.0 |
| 008 |
230214s2011 xo |||||||||||||||||eng| |
| 035 |
|
|
|a (urnnbn)urn:nbn:sk:snk:ar-a03jaj
|
| 035 |
|
|
|a (uuid)a23da253-31fb-43ce-90e1-7801cc63d7f3
|
| 035 |
|
|
|a urn:nbn:sk:snk-ab5b74
|
| 040 |
|
|
|a SNKBUCL
|b slo
|c SNKBUCL
|e AACR2
|
| 041 |
0 |
|
|a eng
|
| 044 |
|
|
|a xo
|c SK
|
| 100 |
1 |
|
|a Furdová, Alena,
|d 1963-
|4 aut
|9 209798
|
| 245 |
1 |
0 |
|a Orbital melanoma
|c A. Furdova, M. Chynoransky, P. Krajcova
|
| 700 |
1 |
|
|a Chynoranský, M.
|4 aut
|9 826516
|
| 700 |
1 |
|
|a Krajčová, P.
|4 aut
|9 1143974
|
| 773 |
0 |
|
|t Bratislavské lekárske listy
|g Roč. 112, č. 8 (2011), s. [466]-468
|
| 954 |
|
|
|a odborná, vedecká literatúra pôvodná (slovenská)
|2 lita
|
| 958 |
|
|
|a OND
|
| 958 |
|
|
|a EUIPO
|
| 958 |
|
|
|a article3
|
| 999 |
|
|
|c 2561450
|d 2563380
|